000 00435 a2200133 4500
001 92376
082 _aPR 2575
090 _c44345
_d44346
100 _aMuhammad Muneeb; Prof Farrukh Afaq Qasmi and Hamid Mehmood Khan (Advisors)
245 _aEngine Overhauling Process Improvement Through Implementation of Quality Control Charts
_n79 "A" EC
260 _aIslamabad
_bNUST
_c2015
300 _axiii,49p.
500 _aBE Project Report
942 _aCAE NUST
_kPR 2575
999 _c327449
_d327449